CHALLENGE : Les pokémons légendaires et fabuleux - Statistiques

Statistiques générales
  • Ce quiz a été pris 204 fois
  • Le résultat moyen est 47 sur 54
Statistiques - réponses
Hint Réponse % Correct
151 Mew
98%
150 Mewtwo
98%
383 Groudon
96%
382 Kyogre
96%
249 Lugia
96%
144 Artikodin
95%
245 Suicune
95%
146 Sulfura
95%
483 Dialga
94%
244 Entei
94%
250 Ho-Oh
94%
484 Palkia
94%
243 Raikou
94%
384 Rayquaza
94%
145 Electhor
93%
251 Celebi
92%
487 Giratina
92%
378 Regice
92%
482 Crefadet
90%
491 Darkrai
90%
377 Regirock
90%
379 Registeel
90%
643 Reshiram
90%
644 Zekrom
90%
480 Crehelf
88%
380 Latias
88%
381 Latios
88%
717 Yveltal
88%
481 Crefollet
87%
385 Jirachi
87%
493 Arceus
86%
716 Xerneas
86%
490 Manaphy
85%
486 Regigigas
85%
386 Deoxys
84%
646 Kyurem
84%
494 Victini
84%
638 Cobaltium
83%
718 Zygarde
83%
641 Boreas
82%
642 Fulguris
82%
485 Heatran
82%
488 Cresselia
81%
645 Demeteros
81%
647 Keldeo
81%
489 Phione
81%
492 Shaymin
81%
639 Terrakium
81%
719 Diancie
78%
720 Hoopa
76%
721 Volcanion
75%
649 Genesect
73%
648 Meloetta
67%
640 Viridum
48%
Aucun quiz correspondant
Distribution des résultats
% des personnes avec chaque résultat
Percentile par nombre de réponses
Votre historique - résultats
Vous n’avez pas pris ce quiz